000 00505nam a2200169Ia 4500
003 LK-CoDNM
005 20240725124917.0
008 010623t1890 xxu||||| |||| 00| 1 eng d
040 _aLK-CoDNM
_dLK-CoDNM
_eLK-CoDNM
041 _aeng
080 _a8
_bP7
100 _aGomme,George Laurence.
245 _aThe Village Community with special Reference to the origin and from of its Survivals in Britain
260 _bWalter Scott
_aLondon
_c1890
300 _bxi , 299p. : ill ,map ; 19 cm
942 _cBK
999 _c83202
_d83202